000 00283nam a22001337a 4500
008 171129b xxu||||| |||| 00| 0 eng d
020 _a9780470046913
041 _aeng
080 _a004
100 _a26
101 _aSHK
245 _aOFFICE 2007
_cWALKENBACH,J
942 _2udc
_cBK
999 _c38612
_d38612